<?xml version="1.0" encoding="UTF-8"?>
<collection xmlns="http://www.loc.gov/MARC21/slim">
 <record>
  <leader>01925nam a2200373 a 4500</leader>
  <controlfield tag="001">eep9781847201652</controlfield>
  <controlfield tag="003">DLC</controlfield>
  <controlfield tag="005">20061117153720.0</controlfield>
  <controlfield tag="006">m     o  d        </controlfield>
  <controlfield tag="007">cr un|||||||||</controlfield>
  <controlfield tag="008">050924s2006    enka    ob    101 0 eng d</controlfield>
  <datafield tag="010" ind1=" " ind2=" ">
   <subfield code="a">  2005052825</subfield>
  </datafield>
  <datafield tag="020" ind1=" " ind2=" ">
   <subfield code="a">9781847201652 (e-book)</subfield>
  </datafield>
  <datafield tag="040" ind1=" " ind2=" ">
   <subfield code="a">DLC</subfield>
   <subfield code="c">DLC</subfield>
   <subfield code="d">BAKER</subfield>
   <subfield code="d">BWKUK</subfield>
   <subfield code="d">YDX</subfield>
   <subfield code="d">DLC</subfield>
  </datafield>
  <datafield tag="050" ind1="0" ind2="0">
   <subfield code="a">HF1102</subfield>
   <subfield code="b">.I585 2006</subfield>
  </datafield>
  <datafield tag="082" ind1="0" ind2="0">
   <subfield code="a">650.071/1</subfield>
   <subfield code="2">22</subfield>
  </datafield>
  <datafield tag="245" ind1="0" ind2="0">
   <subfield code="a">International entrepreneurship education</subfield>
   <subfield code="h">[electronic resource] :</subfield>
   <subfield code="b">issues and newness /</subfield>
   <subfield code="c">edited by Alain Fayolle, Heinz Klandt.</subfield>
  </datafield>
  <datafield tag="260" ind1=" " ind2=" ">
   <subfield code="a">Cheltenham, U.K. ;</subfield>
   <subfield code="a">Northampton, Mass :</subfield>
   <subfield code="b">Edward Elgar,</subfield>
   <subfield code="c">c2006.</subfield>
  </datafield>
  <datafield tag="300" ind1=" " ind2=" ">
   <subfield code="a">1 online resource (ix, 306 p.) :</subfield>
   <subfield code="b">ill.</subfield>
  </datafield>
  <datafield tag="500" ind1=" " ind2=" ">
   <subfield code="a">Selections from the proceedings of the 2003 INET conference in Grenoble.</subfield>
  </datafield>
  <datafield tag="504" ind1=" " ind2=" ">
   <subfield code="a">Includes bibliographical references and index.</subfield>
  </datafield>
  <datafield tag="505" ind1="0" ind2=" ">
   <subfield code="a">pt. 1. Key issues in entrepreneurship education -- pt. 2. About the newness in methodological approaches to teach entrepreneurship -- pt. 3. Diffusing and promoting entrepreneurial culture and developing entrepreneurial potential.</subfield>
  </datafield>
  <datafield tag="520" ind1=" " ind2=" ">
   <subfield code="a">This book discusses paradigmatic changes in the field of entrepreneurship education in response to economic, political and social needs, and the consequential need to reassess, redevelop and renew curricula and methods used in teaching entrepreneurship.</subfield>
  </datafield>
  <datafield tag="650" ind1=" " ind2="0">
   <subfield code="a">Business education</subfield>
   <subfield code="v">Congresses.</subfield>
  </datafield>
  <datafield tag="650" ind1=" " ind2="0">
   <subfield code="a">Business education</subfield>
   <subfield code="v">Cross-cultural studies</subfield>
   <subfield code="v">Congresses.</subfield>
  </datafield>
  <datafield tag="650" ind1=" " ind2="0">
   <subfield code="a">Entrepreneurship</subfield>
   <subfield code="x">Study and teaching</subfield>
   <subfield code="v">Congresses.</subfield>
  </datafield>
  <datafield tag="650" ind1=" " ind2="0">
   <subfield code="a">Entrepreneurship</subfield>
   <subfield code="v">Cross-cultural studies</subfield>
   <subfield code="v">Congresses.</subfield>
  </datafield>
  <datafield tag="655" ind1=" " ind2="7">
   <subfield code="a">Electronic books.</subfield>
   <subfield code="2">lcsh</subfield>
  </datafield>
  <datafield tag="700" ind1="1" ind2=" ">
   <subfield code="a">Fayolle, Alain.</subfield>
  </datafield>
  <datafield tag="700" ind1="1" ind2=" ">
   <subfield code="a">Klandt, Heinz.</subfield>
  </datafield>
  <datafield tag="710" ind1="2" ind2=" ">
   <subfield code="a">Edward Elgar Publishing.</subfield>
  </datafield>
  <datafield tag="776" ind1="1" ind2=" ">
   <subfield code="z">9781845421793 (hardback)</subfield>
   <subfield code="z">1845421795</subfield>
  </datafield>
  <datafield tag="856" ind1="4" ind2="0">
   <subfield code="u">https://www.elgaronline.com/view/1845421795.xml</subfield>
  </datafield>
  <datafield tag="911" ind1=" " ind2=" ">
   <subfield code="a">2010_and_before_Business</subfield>
   <subfield code="b">2010_and_before</subfield>
   <subfield code="c">Business</subfield>
  </datafield>
 </record>
</collection>
